MDQL
is popping MORE tags! Check the
thread
!
Quizzes
Events
Quiz Creation
Community
Videos
Private Events
Remove Ads
Sign In
Join for FREE
Feedback
Dark Mode
Quiz Categories
Sports
Geography
Music
Movies
Television
Just For Fun
Miscellaneous
History
Literature
Language
Science
Gaming
Entertainment
Religion
Holiday
For Kids
Quiz Lab
Recent
Popular Today
Quiz Kudos Today
Editor Picks
Curator Picks
Quizzes by...
Day
Popularity
Type
Ratings
Length
Year
Community
Subscriptions
Recent Discussions
Orange Saloon
Badges
Playlists
Quests
Create
Leaderboards
Showdown
Live 5
Trivia Bingo
Activity
Puzzle Library
Sporcle Events
Private Events
Virtual Trivia
Globe League
Become a Host
Pub Owners
SporcleCon
Opinionation
Our Games
Videos
Blog
Mobile Apps
Partnerships
Remove Ads and Go Orange
Feedback
Sports
Athletes
MLB
NBA
NHL
NFL
Soccer
Sports Teams
WWE
NCAA
Football
Premier League
Basketball
Baseball
Hockey
Golf
Tennis
Cricket
Rugby
Auto Racing
Olympics
World Cup
Sports
Athletes
MLB
NBA
NHL
NFL
Soccer
Sports Teams
WWE
NCAA
Football
Premier League
Basketball
Baseball
Hockey
Golf
Tennis
Cricket
Rugby
Auto Racing
Olympics
World Cup
Random Quiz
Search Sporcle
×
Quiz Lab
Quiz Lab
Sports
Baseball
Type in answers that appear in a list
Type in answers that appear in a list
Classic
Best Score? Go Orange.
Every Pirates first baseman since 2004 Stats
Can you name the Every Pirates first baseman since 2004?
By
charliewilmoth
15m
43 Questions
3,357 Plays
3,357 Plays
3,357 Plays
Comments
Comments
Give Quiz Kudos
Give Quiz Kudos
-
- Ratings
hide this ad
Replay
Link that replays current quiz
Next Quiz
Link to next quiz in quiz playlist
You Got
0%
They Got
Avg Score
36%
Avg Friend Score
Upgrade to see
Score Distribution
Jump to the score distribution portion of the page
Score
0/43
Timer
15:00
0
Plays Today
Hint
Answer
% Correct
2010-
2015
Pedro Alvarez
94.3%
2015
Sean Rodriguez
69.4%
2007-
2009
Adam LaRoche
68.9%
2015
Michael Morse
66.4%
2009-
2013
Garrett Jones
65%
2008-
2010
Andy LaRoche
64.5%
2012-
2014
Gaby Sanchez
59.1%
2015
Aramis Ramirez
56.2%
2001-
2006
Craig Wilson
52.8%
2014
Ike Davis
52.7%
2013
Justin Morneau
50%
2014-
2015
Travis Ishikawa
46.4%
2005-
2011
Ryan Doumit
42.3%
2011
Derrek Lee
42%
2013-
2015
Andrew Lambo
40.5%
2006
Sean Casey
38.2%
2003-
2004
Randall Simon
37.2%
2015
Corey Hart
35.6%
2011
Lyle Overbay
35.3%
2012-
2014
Clint Barmes
33.2%
2004-
2005
Daryle Ward
32.5%
2007-
2011
Steve Pearce
32.5%
Hint
Answer
% Correct
2012-
2015
Jordy Mercer
31.8%
2012, 2014
Matt Hague
30.3%
2005, 2007
Brad Eldred
30.2%
1997, 2006
Joe Randa
28.4%
2010, 2012
Jeff Clement
27%
2001-
2005
Rob Mackowiak
26.8%
2006-
2008
Xavier Nady
26.5%
2012
Casey McGehee
23.4%
2003, 2006
Jose Hernandez
22.3%
2012
Rod Barajas
21.5%
2008
Doug Mientkiewicz
20.8%
2014-
2015
Brent Morel
20.7%
2013
Brandon Inge
20.4%
2004-
2005
Ty Wigginton
19%
2011
Brandon Wood
18.1%
2010
Bobby Crosby
17.6%
2003-
2004
Carlos Rivera
16.9%
2008
Chris Gomez
16.3%
2010-
2011
John Bowker
16.3%
2009
Eric Hinske
15.2%
2007
Josh Phelps
14.1%
Quiz Playlist
Details
Report
Send in Message
Add To Playlist
Classic:
Type in answers that appear in a list
Quiz Source
Last Updated: Feb 16, 2017
Quiz Scoreboard
CHALLENGE
Sign Up to Join the Scoreboard
Show All
Scores
Hide
Comments
May contain spoilers
Recently Published
Find the 'City' Movie
by crazypaving
Movies
60s
5x2 Blitz: Bands
by SL_Kpop136
Music
30s
Colored Red Africa Blitz
by spor1
Geography
30s
More to Explore
Quiz From the Vault
Featured Blog Post
14 Easter Pick-up Lines to Find Eggs With
hide this ad
You Might Also Like...
Tags
Baseball Quiz
Pittsburgh Pirates
Today's Top Quizzes in Sports
Browse Sports
hide this ad
Today's Top Quizzes in Baseball
Browse Baseball
Top Contributed Quizzes in Sports
1
Players with Multiple 50 Home Run Seasons
2
Who Needs Fielders?
3
Criteria MLB: Left Handed Sluggers
4
MLB Players with Two .350 Batting Average Seasons
5
Who Hit More Homers?
6
2020 F1 Drivers Logic Puzzle
7
NBA Teammate Connections
8
Premier League Clubs since 2000 (minefield)
9
MLB Teams by First Game
10
Top 10 NHL Goal Scorers of All Time
Explore More
Trending Topics
NBA
Marvel
Disney
Kpop
Anime
Harry Potter
Crossword
Soccer
Pokémon
Country
Song
WWE
NFL
The Office
Puzzle
hide this ad
More By:
charliewilmoth
Quiz
Plays
Rating
Category
Featured
Created
Every Pirates first baseman since 2004
3,357
4.44
Sports
Dec 3, 2015
Members of the 2013 Pirates
2,362
5.00
Sports
Jan 28, 2016
Every Pirates second baseman since 2004
2,190
Sports
Dec 28, 2015
Pittsburgh Pirates innings pitched leaders, 1985-2014
2,011
5.00
Sports
Feb 20, 2015
Pittsburgh Pirates stolen base leaders since 1950
1,815
4.86
Sports
Dec 18, 2016
Go to Creator's Profile
Score Distribution
Quiz Creator Spotlight
charliewilmoth
Follow
Send a Message
Quizzes Created
-
Created Quiz Play Count
-
More By This Creator
Popular Quizzes Today
1
Find the 'City' Movie
2
5x2 Blitz: Bands
3
Colored Red Africa Blitz
4
Find the US States - No Outlines Minefield
5
The Countries of the World
6
Find the US States
7
9x9 Crossword: Cartoon Network
8
US States
More Sports Quizzes
FPL Top 20 Last 9 Years
Curator's Pick
Trending Quizzes
Colored Red Africa Blitz II
Colored Red Europe Blitz I
Colored Red Africa Blitz III
Colored Red Europe Blitz II
Colored Red Europe Blitz III
Recently Updated
Champions League XIs: Real Madrid
pecheneg
Largest US Cities 1790-2010
pecheneg
Rides in Walt Disney World
pecheneg
Most Oscar Losses (Acting)
pecheneg
Beyoncé Albums
pecheneg
Leaping Animals
pecheneg
Reality TV Shows (A-Z)
bhenderson79
Rickey Henderson's Hall of Fame Teammates
pecheneg
Champions League XIs: Arsenal
pecheneg
Quick Pick: Celebrities in WWE's Hall of Fame
aduchscher
Trending Topics
NBA
Harry Potter
Crossword
Kpop
Disney
Anime
Marvel
Puzzle
Song
Country
NFL
The Office
Pokémon
Soccer
WWE
Your Account Isn't Verified!
In order to create a playlist on Sporcle, you need to verify the email address you used during registration. Go to your
Sporcle Settings
to finish the process.
Report this User
Report this user for behavior that violates our
Community Guidelines
.
Details:
Send Report
Go to the Sporcle.com Mobile Site →
Comments